Ettore Berlioz: la dannazione di Faust. Guia attraverso il poema e la musica

Sparad:
Bibliografiska uppgifter
Huvudupphovsman: Mantovani, Tancredi (autor)
Materialtyp: Bok
Språk:italienska
Publicerad: Milán R. Caddeo 1923
Serie:Biblioteca Musicale. Collezione Guide, 4
Ämnen:
Taggar: Lägg till en tagg
Inga taggar, Lägg till första taggen!

MARC

LEADER 00000nam a2200000 a 4500
001 UCW2386
003 CL-VaPUC
005 20231107150541.0
008 890906e19230000IT |||||||||||||||||ita|d
999 |c 216939  |d 216937 
040 |c Pontificia Universidad Católica de Valparaíso 
082 0 4 |a 782.13 MAN 1923  |2 21 
100 |a Mantovani, Tancredi  |e autor  |9 306454 
245 1 0 |a Ettore Berlioz: la dannazione di Faust. Guia attraverso il poema e la musica 
260 |a Milán  |b R. Caddeo  |c 1923 
300 |a 104 p 
490 0 |a Biblioteca Musicale. Collezione Guide, 4 
583 |a last modification  |c 19890906 00:00:00  |k Rodrigo Vera 
600 0 |a Berlioz, Hector Louis  |9 306282  |d 1803-1869 
650 0 |a Análisis musical  |9 267228 
942 |c BK  |2 ddc 
945 |d 19890906 00:00:00 
952 |0 0  |1 0  |4 0  |6 782_130000000000000_MAN_1923  |7 0  |8 A  |9 203364  |a BIBEDU  |b BIBEDU  |d 2019-11-15  |i 2706083  |o 782.13 MAN 1923  |p 2706083  |r 2023-01-12  |w 2019-11-15  |y BK  |k MUS